000 00411nam a2200169Ia 4500
008 230917s9999||||xx |||||||||||||| ||und||
020 _cFL65
040 _e18822
_aMAIN
041 _aEnglish
082 _a330.9 J599M
100 _aJohansen, Leif
245 0 _aMulti-sectoral study of economic growth
250 _a2nd ed.
260 _aAmsterdam
_bNorth-Holland
_c1976
300 _a266 p.
942 _cBK
999 _c204682
_d204682